[Event "26.Schlosspark-Open"]
[Site "Wiesbaden-Biebrich"]
[Date "2014.08.29"]
[Round "3.28"]
[White "Frey, Thomas"]
[Black "Haftmann, Rainer"]
[Result "1-0"]
[WhiteElo "2089"]
[BlackElo "1920"]
[PlyCount "111"]
[EventDate "2014.??.??"]
[WhiteTeam "SV Reutlingen"]
[BlackTeam "SAbt SG 1945 Dietzenbach"]

1. e4 e5 2. Nf3 Nc6 3. d4 exd4 4. Nxd4 Bc5 5. Be3 Qf6 6. c3 Nge7 7. Bc4 Ne5 8.
Be2 d6 9. f4 Ng4 10. Bxg4 Qh4+ 11. g3 Qxg4 12. Qxg4 Bxg4 13. Nd2 Bd7 14. Nc2
Bxe3 15. Nxe3 O-O 16. O-O-O Bc6 17. Rhe1 f5 18. Nxf5 Nxf5 19. exf5 Rxf5 20. Re7
Rf7 21. Rde1 Kf8 22. R7e3 Re8 23. Rxe8+ Bxe8 24. Nf3 Re7 25. Kd2 Rxe1 26. Kxe1
Ke7 27. Kf2 c5 28. g4 Bc6 29. Nd2 b5 30. Ke3 Bd5 31. a3 Ke6 32. b4 g6 33. Ne4
h6 34. Ng3 Kf6 35. h4 cxb4 36. axb4 Be6 37. Ne4+ Ke7 38. Nf2 h5 39. gxh5 gxh5
40. Kd4 Bc8 41. Nd1 Bb7 42. Ne3 Ke6 43. f5+ Kf6 44. c4 bxc4 45. Nxc4 d5 46. Nd6
Ba8 47. b5 Ke7 48. Ke5 Kf8 49. Nc8 Kf7 50. Nxa7 d4 51. Kxd4 Kf6 52. Nc6 Kxf5
53. Kc5 Kg4 54. Kb6 Kxh4 55. Ka7 Kg3 56. Kxa8 1-0

[Event "26.Schlosspark-Open"]
[Site "Wiesbaden-Biebrich"]
[Date "2014.08.29"]
[Round "3.29"]
[White "Schmitt, Clemens"]
[Black "Seickel, Ralf"]
[Result "0-1"]
[WhiteElo "1581"]
[BlackElo "2073"]
[PlyCount "108"]
[EventDate "2014.??.??"]
[WhiteTeam "SV Bergwinkel"]
[BlackTeam "vereinslos"]

1. c4 c5 2. g3 Nc6 3. Bg2 g6 4. Nc3 Bg7 5. a3 e5 6. Rb1 Nge7 7. d3 O-O 8. e3 d6
9. Nge2 Be6 10. b4 Qd7 11. b5 Nd8 12. Ne4 h6 13. Qa4 f5 14. N4c3 d5 15. cxd5
Nxd5 16. b6 Nxb6 17. Qxd7 Bxd7 18. Nb5 Bxb5 19. Rxb5 Rc8 20. a4 Nxa4 21. Ra5
Nb6 22. Rxa7 Rf7 23. Nc3 Rd7 24. Ke2 Nc6 25. Ra3 Nb4 26. Rd1 N6d5 27. Nxd5 Nxd5
28. Rb3 e4 29. dxe4 Nc3+ 30. Rxc3 Rxd1 31. Kxd1 Bxc3 32. exf5 b5 33. fxg6 Kg7
34. Be4 b4 35. Kc2 c4 36. g4 Bf6 37. Bb2 c3 38. Bc1 Rd8 39. Kb3 Rd1 40. Kc2 Rf1
41. f4 b3+ 42. Kxb3 Rxc1 43. Bc2 Rh1 44. e4 Bd4 45. e5 Rxh2 46. Bd3 Rf2 47. e6
Kf6 48. Kc4 Rxf4 49. Kd5 Rxg4 50. Kd6 Be5+ 51. Kd7 Rd4+ 52. Ke8 Rxd3 53. e7
Kxg6 54. Kf8 Bd6 0-1

[Event "26.Schlosspark-Open"]
[Site "Wiesbaden-Biebrich"]
[Date "2014.08.29"]
[Round "3.30"]
[White "Hipler, Andreas"]
[Black "Schnicke, Robert"]
[Result "1/2-1/2"]
[WhiteElo "1872"]
[BlackElo "2164"]
[PlyCount "83"]
[EventDate "2014.??.??"]
[WhiteTeam "SK Gau-Algesheim"]
[BlackTeam "TV Winnweiler"]

1. d4 Nf6 2. Nf3 d6 3. Nc3 g6 4. e4 Bg7 5. Be3 c6 6. a4 a5 7. h3 Na6 8. Bxa6
Rxa6 9. O-O O-O 10. Qd2 Ne8 11. Bh6 f5 12. Bxg7 Kxg7 13. e5 d5 14. Ne2 h6 15.
Ne1 Nc7 16. Nd3 Ne6 17. f4 b6 18. b4 Qc7 19. Rfc1 c5 20. dxc5 bxc5 21. b5 Ra8
22. c4 d4 23. Rf1 Bb7 24. Ra3 Kh7 25. g4 Be4 26. Nf2 Qb7 27. Ng3 g5 28. Nfxe4
fxe4 29. f5 Nf4 30. Rxf4 gxf4 31. Qxf4 e3 32. f6 e6 33. Qe4+ Qxe4 34. Nxe4 Rab8
35. Kg2 Rfc8 36. Kf3 Rb6 37. Rd3 Kg6 38. Ng3 Rc7 39. h4 Rb8 40. Nh5 Rg8 41.
Nf4+ Kf7 42. Rd1 1/2-1/2

[Event "26.Schlosspark-Open"]
[Site "Wiesbaden-Biebrich"]
[Date "2014.08.29"]
[Round "3.31"]
[White "Schimmele, Alexander"]
[Black "Stimpel, Franz"]
[Result "1/2-1/2"]
[WhiteElo "1829"]
[BlackElo "2124"]
[PlyCount "58"]
[EventDate "2014.??.??"]
[WhiteTeam "SC Neckarsulm e.V."]
[BlackTeam "Wiesbadener SV 1885"]

1. e4 e6 2. d4 d5 3. e5 c5 4. c3 Qb6 5. Nf3 Bd7 6. a3 Bb5 7. Bxb5+ Qxb5 8. b4
cxd4 9. cxd4 Nd7 10. Nc3 Qc6 11. Bb2 Nb6 12. O-O Nc4 13. Qb3 Rc8 14. Rac1 g6
15. Rfe1 Ne7 16. b5 Qd7 17. a4 h5 18. Nb1 Bh6 19. Rc2 Nxb2 20. Rxc8+ Qxc8 21.
Qxb2 Qc4 22. Nbd2 Qc7 23. Nb3 O-O 24. Nfd2 b6 25. Rc1 Qd7 26. Rc3 Rc8 27. Qc2
Rxc3 28. Qxc3 Qc8 29. Qxc8+ Nxc8 1/2-1/2

[Event "26.Schlosspark-Open"]
[Site "Wiesbaden-Biebrich"]
[Date "2014.08.29"]
[Round "3.32"]
[White "Biastoch, Bennet"]
[Black "Keller, Peter"]
[Result "0-1"]
[WhiteElo "1765"]
[BlackElo "2110"]
[PlyCount "70"]
[EventDate "2014.??.??"]
[WhiteTeam "SG Aufbau Elbe Magdeburg"]
[BlackTeam "Sabt Frankfurter TV 1860"]

1. e4 e5 2. Nf3 Nc6 3. Bc4 Bc5 4. b4 Bxb4 5. c3 Be7 6. d4 Na5 7. Nxe5 Nxc4 8.
Nxc4 d5 9. exd5 Qxd5 10. Ne3 Qa5 11. O-O Nf6 12. Bb2 O-O 13. c4 c6 14. Nd2 Rd8
15. Nf3 Qh5 16. Qc2 Qg6 17. Qe2 Nh5 18. Ne5 Qh6 19. N3g4 Qe6 20. Ne3 Nf4 21.
Qf3 Ng6 22. Nxg6 hxg6 23. Rfe1 Qf6 24. Qe2 Bb4 25. Red1 Qh4 26. d5 Bd7 27. dxc6
Bxc6 28. Nd5 Bd6 29. h3 Re8 30. Qc2 Re6 31. Rd4 Qg5 32. Rg4 Rae8 33. Ne3 Rxe3
34. fxe3 Qxe3+ 35. Qf2 Bh2+ 0-1

[Event "26.Schlosspark-Open"]
[Site "Wiesbaden-Biebrich"]
[Date "2014.08.29"]
[Round "3.33"]
[White "Klebs, Sebastian"]
[Black "Rosenberger, Frank"]
[Result "1/2-1/2"]
[WhiteElo "1849"]
[BlackElo "2098"]
[PlyCount "69"]
[EventDate "2014.??.??"]
[WhiteTeam "Karlsruher SF 1853"]
[BlackTeam "SK 1980 Gernsheim"]

1. e4 e6 2. d4 d5 3. e5 c5 4. c3 Qb6 5. Nf3 Bd7 6. Bd3 cxd4 7. cxd4 Nc6 8. Be2
Nge7 9. Na3 Nf5 10. Nc2 Nb4 11. Nxb4 Bxb4+ 12. Kf1 Be7 13. b3 Rc8 14. g4 Nh6
15. h3 Bb5 16. Bb2 Rc6 17. Bxb5 Qxb5+ 18. Kg2 Kd7 19. Rc1 Rhc8 20. Rxc6 Rxc6
21. Qb1 Qe2 22. Rc1 g6 23. Rxc6 bxc6 24. Qc1 Ng8 25. g5 h6 26. h4 hxg5 27. hxg5
Qe4 28. Kg3 Bb4 29. Qf4 Qxf4+ 30. Kxf4 Ne7 31. a3 Ba5 32. b4 Bb6 33. Ke3 Nf5+
34. Kd3 Bd8 35. Bc3 1/2-1/2

[Event "26.Schlosspark-Open"]
[Site "Wiesbaden-Biebrich"]
[Date "2014.08.29"]
[Round "3.34"]
[White "Werner, Dimo"]
[Black "Huber, Timm"]
[Result "1-0"]
[WhiteElo "2097"]
[BlackElo "1847"]
[PlyCount "47"]
[EventDate "2014.??.??"]
[WhiteTeam "TSV Schott Mainz"]
[BlackTeam "SJ Herborn 1998"]

1. d4 d5 2. Nf3 Nf6 3. c4 c6 4. e3 Bg4 5. cxd5 cxd5 6. Nc3 e6 7. Qa4+ Nbd7 8.
Ne5 Bf5 9. Be2 Be7 10. g4 Bg6 11. g5 O-O 12. gxf6 Nxf6 13. Nxg6 hxg6 14. O-O
Bd6 15. f4 Nh5 16. Qd1 Qh4 17. Bd2 Ng3 18. Be1 Nxe2+ 19. Qxe2 Qh6 20. Qg4 Be7
21. Rf3 g5 22. Rh3 f5 23. Rxh6 fxg4 24. Rxe6 1-0

[Event "26.Schlosspark-Open"]
[Site "Wiesbaden-Biebrich"]
[Date "2014.08.29"]
[Round "3.35"]
[White "Hoffmann, Jens"]
[Black "Fellhauer, Clemens"]
[Result "1-0"]
[WhiteElo "1843"]
[BlackElo "2096"]
[PlyCount "33"]
[EventDate "2014.??.??"]
[WhiteTeam "SF HN-Biberach 1978 e.V."]
[BlackTeam "SK 69 Mühlhausen e.V."]

1. e4 c5 2. Nf3 Nf6 3. Nc3 d6 4. d4 cxd4 5. Nxd4 g6 6. f4 Bg7 7. e5 dxe5 8.
fxe5 Nd5 9. Bb5+ Kf8 10. O-O e6 11. Qf3 Qe7 12. Bg5 Qc7 13. Nxd5 exd5 14. Qxd5
Bxe5 15. Bc4 Bxd4+ 16. Qxd4 Qb6 17. Rxf7+ 1-0

[Event "26.Schlosspark-Open"]
[Site "Wiesbaden-Biebrich"]
[Date "2014.08.29"]
[Round "3.36"]
[White "Karsay, Pascal"]
[Black "Kalepky, Helmut"]
[Result "1/2-1/2"]
[WhiteElo "1766"]
[BlackElo "2084"]
[PlyCount "51"]
[EventDate "2014.??.??"]
[WhiteTeam "Vorw.Orient Mainz"]
[BlackTeam "Sfr.Heidesheim"]

1. e4 c5 2. Nf3 g6 3. d4 cxd4 4. Nxd4 Nc6 5. Nc3 Bg7 6. Be3 Nf6 7. Bc4 d6 8. f3
Qb6 9. Qd2 Nxe4 10. fxe4 Bxd4 11. Bxd4 Qxd4 12. Qe2 Ne5 13. Bb5+ Kf8 14. h3 Be6
15. Bd3 a6 16. O-O-O Qc5 17. Kb1 Kg7 18. g4 h6 19. Rhf1 Rhc8 20. Nd5 Bxd5 21.
exd5 f6 22. h4 Qb4 23. g5 hxg5 24. hxg5 Rh8 25. gxf6+ exf6 26. Qe3 1/2-1/2

[Event "26.Schlosspark-Open"]
[Site "Wiesbaden-Biebrich"]
[Date "2014.08.29"]
[Round "3.37"]
[White "Niedenthal, Robert"]
[Black "Everett, Elijah"]
[Result "0-1"]
[WhiteElo "1828"]
[BlackElo "2049"]
[PlyCount "98"]
[EventDate "2014.??.??"]
[WhiteTeam "SV 1920 Hofheim"]
[BlackTeam "SF Schöneck"]

1. c4 Nf6 2. g3 g6 3. Bg2 Bg7 4. Nc3 O-O 5. e4 d6 6. Nge2 Nbd7 7. d3 e5 8. O-O
Ne8 9. h3 f5 10. exf5 gxf5 11. f4 Kh8 12. Kh2 Nc5 13. d4 exd4 14. Nxd4 Nf6 15.
Re1 Re8 16. Be3 Nce4 17. Nxe4 Nxe4 18. Qc2 Qf6 19. Rad1 Bd7 20. b3 Re7 21. Bf3
Rae8 22. Bh5 Rg8 23. Bf3 Rge8 24. Bh5 Rg8 25. Bf3 Qg6 26. Bxe4 Rxe4 27. Qf2
Rge8 28. Nf3 b6 29. Ng5 R4e7 30. Nf3 Bc6 31. Nd4 Bb7 32. Nf3 Qh5 33. Kg2 h6 34.
Re2 Kh7 35. Rde1 Bf6 36. Rf1 Rg7 37. Kh2 Rge7 38. Ng1 Be4 39. Rfe1 d5 40. cxd5
Bxd5 41. h4 Bb7 42. Bd2 Rxe2 43. Rxe2 Rxe2 44. Qxe2 Qf7 45. Nf3 Qd5 46. Kg2 Bc6
47. Kf2 Bb5 48. Qe1 Bd3 49. Bc3 Qc5+ 0-1

[Event "26.Schlosspark-Open"]
[Site "Wiesbaden-Biebrich"]
[Date "2014.08.29"]
[Round "3.38"]
[White "Hain, Gunter"]
[Black "Weber, Sandra"]
[Result "1-0"]
[WhiteElo "2047"]
[BlackElo "1800"]
[PlyCount "83"]
[EventDate "2014.??.??"]
[WhiteTeam "SK Frankenthal"]
[BlackTeam "SC Neckarsulm e.V."]

1. d4 c5 2. d5 d6 3. e4 g6 4. Nc3 Bg7 5. Bb5+ Bd7 6. a4 Nf6 7. Nf3 Bxb5 8. axb5
Nbd7 9. O-O Nb6 10. Qe2 O-O 11. Bf4 Qc8 12. h3 Rd8 13. Ra2 e5 14. Bg5 Qc7 15.
Nd2 Re8 16. Rfa1 Qb8 17. g4 h6 18. Be3 Nh7 19. Kh2 Rf8 20. Nf1 Nc8 21. Qd2 g5
22. Ng3 b6 23. Nf5 Qc7 24. Ne2 Ne7 25. Neg3 Nxf5 26. Nxf5 f6 27. b4 Kh8 28.
bxc5 dxc5 29. c4 Rfd8 30. f3 Bf8 31. Ra6 Kg8 32. d6 Qb7 33. Qd5+ Qf7 34. Qxf7+
Kxf7 35. Rxa7+ Rxa7 36. Rxa7+ Kg6 37. h4 h5 38. gxh5+ Kxh5 39. Rxh7+ Kg6 40.
Rb7 Bxd6 41. Rg7+ Kh5 42. hxg5 1-0

[Event "26.Schlosspark-Open"]
[Site "Wiesbaden-Biebrich"]
[Date "2014.08.29"]
[Round "3.39"]
[White "Sefeloge, Michael"]
[Black "Brechlin, Olaf"]
[Result "1/2-1/2"]
[WhiteElo "1818"]
[BlackElo "2036"]
[PlyCount "61"]
[EventDate "2014.??.??"]
[WhiteTeam "SV Turm Lahnstein"]
[BlackTeam "FVS ASP Hoyerswerda"]

1. d4 d5 2. c4 Nc6 3. e3 e5 4. dxe5 d4 5. a3 Bf5 6. Nf3 Bg4 7. Be2 dxe3 8.
Qxd8+ Rxd8 9. Bxe3 Bxf3 10. Bxf3 Nxe5 11. Be2 Nf6 12. Nc3 a6 13. O-O Be7 14.
Bf4 Nfd7 15. Rad1 O-O 16. Rd5 f6 17. Rfd1 c6 18. R5d2 Nc5 19. b4 Ne6 20. Be3
Rxd2 21. Rxd2 Rd8 22. Rxd8+ Bxd8 23. c5 f5 24. f4 Nd7 25. Bc4 Kf7 26. Ne2 Bf6
27. Bd4 Ndf8 28. Kf2 Bxd4+ 29. Nxd4 Kf6 30. Nxe6 Nxe6 31. Ke3 1/2-1/2

[Event "26.Schlosspark-Open"]
[Site "Wiesbaden-Biebrich"]
[Date "2014.08.29"]
[Round "3.40"]
[White "Marten, Gero"]
[Black "Binfet, Daniel"]
[Result "1/2-1/2"]
[WhiteElo "2032"]
[BlackElo "1817"]
[PlyCount "37"]
[EventDate "2014.??.??"]
[WhiteTeam "SG Turm Idstein"]
[BlackTeam "TuS Makkabi Wiesbaden"]

1. d4 Nf6 2. Nf3 g6 3. g3 Bg7 4. Bg2 O-O 5. O-O d5 6. a4 a5 7. Nc3 Bg4 8. Bf4
Bxf3 9. Bxf3 c6 10. Re1 Re8 11. Qd2 Nbd7 12. e3 e5 13. dxe5 Nxe5 14. Bxe5 Rxe5
15. Rad1 Qe7 16. Kg2 Re8 17. Ne2 Qc7 18. Nd4 Ne4 19. Bxe4 1/2-1/2

[Event "26.Schlosspark-Open"]
[Site "Wiesbaden-Biebrich"]
[Date "2014.08.29"]
[Round "3.41"]
[White "Jordake, Michael"]
[Black "Skarke, Harald"]
[Result "1/2-1/2"]
[WhiteElo "1802"]
[BlackElo "2025"]
[PlyCount "50"]
[EventDate "2014.??.??"]
[WhiteTeam "SC Bergen-Enkheim 1922"]
[BlackTeam "SF Neuberg"]

1. Nc3 c5 2. e4 e6 3. g3 Nc6 4. Bg2 a6 5. d3 Qc7 6. Nf3 Nf6 7. O-O Be7 8. Re1
d6 9. Ne2 O-O 10. b3 b5 11. Bb2 Bb7 12. Qc1 Rac8 13. Qg5 h6 14. Qd2 Rfd8 15. h3
Ne5 16. Nxe5 dxe5 17. Nc1 c4 18. bxc4 bxc4 19. Qc3 cxd3 20. Qxc7 Rxc7 21. cxd3
Nd7 22. Bf1 Rdc8 23. Nb3 f6 24. Bc1 Bb4 25. Bd2 Ba3 1/2-1/2

[Event "26.Schlosspark-Open"]
[Site "Wiesbaden-Biebrich"]
[Date "2014.08.29"]
[Round "3.42"]
[White "Bietz, Fabian"]
[Black "Arns, Alexander"]
[Result "1/2-1/2"]
[WhiteElo "2024"]
[BlackElo "1725"]
[PlyCount "55"]
[EventDate "2014.??.??"]
[WhiteTeam "SJ Herborn 1998"]
[BlackTeam "SF HN-Biberach 1978 e.V."]

1. Nf3 Nf6 2. g3 d5 3. d4 g6 4. Bg2 Bg7 5. O-O O-O 6. b3 c5 7. Bb2 cxd4 8. Nxd4
Nc6 9. Nd2 Nxd4 10. Bxd4 Be6 11. e4 dxe4 12. Nxe4 Nxe4 13. Bxg7 Kxg7 14. Bxe4
Qb6 15. c4 Rad8 16. Qf3 Rd7 17. Rfc1 Rfd8 18. c5 Qb4 19. a3 Qxb3 20. Qxb3 Bxb3
21. Rab1 f5 22. Bf3 Bd5 23. Bxd5 Rxd5 24. Rxb7 R5d7 25. Rcb1 Kf7 26. f4 Ke6 27.
Re1+ Kf6 28. Reb1 1/2-1/2

[Event "26.Schlosspark-Open"]
[Site "Wiesbaden-Biebrich"]
[Date "2014.08.29"]
[Round "3.43"]
[White "Zeyer, Oliver"]
[Black "Kempfer, Justus"]
[Result "0-1"]
[WhiteElo "2022"]
[BlackElo "1781"]
[PlyCount "36"]
[EventDate "2014.??.??"]
[WhiteTeam "SF HN-Biberach 1978 e.V."]
[BlackTeam "SJ Herborn 1998"]

1. e4 d5 2. exd5 Qxd5 3. Nc3 Qa5 4. d4 Nf6 5. Bc4 Bg4 6. f3 Bf5 7. Nge2 e6 8.
g4 Bg6 9. Nf4 Nc6 10. Bb5 O-O-O 11. Bxc6 bxc6 12. Qe2 Bb4 13. Nxg6 hxg6 14. Qc4
e5 15. Be3 Nd5 16. Bd2 exd4 17. Ne4 Bxd2+ 18. Nxd2 Rhe8+ 0-1

[Event "26.Schlosspark-Open"]
[Site "Wiesbaden-Biebrich"]
[Date "2014.08.29"]
[Round "3.44"]
[White "Marzec, Witold"]
[Black "Kolker, Vladislav"]
[Result "1/2-1/2"]
[WhiteElo "1800"]
[BlackElo "2021"]
[PlyCount "50"]
[EventDate "2014.??.??"]
[WhiteTeam "vereinslos"]
[BlackTeam "SC Bad Nauheim"]

1. d4 Nf6 2. c4 g6 3. Nc3 Bg7 4. e4 d6 5. f3 O-O 6. Be3 Nc6 7. Qd2 a6 8. h4 h5
9. Be2 Re8 10. Nh3 e5 11. d5 Nd4 12. Bg5 c5 13. Nf2 b5 14. cxb5 axb5 15. Bxb5
Bd7 16. Bxd7 Qxd7 17. O-O Nh7 18. Ne2 Reb8 19. Nxd4 exd4 20. b3 Ra3 21. Nd3
Nxg5 22. hxg5 Rba8 23. Rfc1 Qa7 24. f4 Rxa2 25. Rxa2 Qxa2 1/2-1/2

[Event "26.Schlosspark-Open"]
[Site "Wiesbaden-Biebrich"]
[Date "2014.08.29"]
[Round "3.45"]
[White "Osswald, Luis Monty"]
[Black "Suller, Lorant"]
[Result "1-0"]
[WhiteElo "2017"]
[BlackElo "1775"]
[PlyCount "79"]
[EventDate "2014.??.??"]
[WhiteTeam "Kasseler SK 1876"]
[BlackTeam "vereinslos"]

1. e4 d6 2. d4 Nf6 3. Nc3 Nbd7 4. h3 c6 5. Be3 Qc7 6. Qd2 e5 7. Nf3 Be7 8. Be2
h6 9. a4 a5 10. O-O Nf8 11. dxe5 dxe5 12. Nh4 g5 13. Nf5 Ng6 14. Nxe7 Nxe7 15.
Bc5 Be6 16. Rad1 Ng6 17. Qe3 Nd7 18. Bd6 Qb6 19. Qf3 Nf4 20. b3 h5 21. Bc4 g4
22. hxg4 Bxg4 23. Qg3 f6 24. Rd2 Nf8 25. Qe3 Qa7 26. Bc5 Qb8 27. f3 Be6 28. Bb6
Nd7 29. Rfd1 Nxb6 30. Qxb6 Rh7 31. g3 Rg7 32. Kh2 Bxc4 33. gxf4 Bg8 34. Rg1
Rxg1 35. Qxg1 Kf8 36. Qg6 Bf7 37. Qxf6 exf4 38. Rd7 Qe8 39. Qh8+ Bg8 40. Qh6#
1-0

[Event "26.Schlosspark-Open"]
[Site "Wiesbaden-Biebrich"]
[Date "2014.08.29"]
[Round "3.46"]
[White "Rüll, Michael"]
[Black "Seehaus, Bernhard"]
[Result "1-0"]
[WhiteElo "1797"]
[BlackElo "2016"]
[PlyCount "85"]
[EventDate "2014.??.??"]
[WhiteTeam "SC 1952 Obertshausen"]
[BlackTeam "Schachforum Darmstadt 1994"]

1. e4 d6 2. Nf3 Nf6 3. d3 Bg4 4. g3 e6 5. Bg2 d5 6. Nbd2 Be7 7. h3 Bh5 8. g4
Bg6 9. Ne5 dxe4 10. Nxg6 hxg6 11. Nxe4 Nxe4 12. Bxe4 c6 13. Bf4 Nd7 14. Qd2 Nf6
15. Bg2 Nd5 16. Bg3 Bd6 17. O-O-O Bxg3 18. fxg3 Qc7 19. Bxd5 cxd5 20. Qf4 Rc8
21. Qxc7 Rxc7 22. g5 Ke7 23. h4 f6 24. gxf6+ gxf6 25. d4 Rhc8 26. c3 b5 27. a3
a5 28. Rd3 b4 29. axb4 axb4 30. Kc2 bxc3 31. Rxc3 Rxc3+ 32. bxc3 e5 33. Re1 e4
34. Ra1 Rd8 35. Ra7+ Rd7 36. Rxd7+ Kxd7 37. g4 f5 38. gxf5 gxf5 39. h5 Ke7 40.
c4 dxc4 41. h6 Kf7 42. d5 f4 43. h7 1-0

[Event "26.Schlosspark-Open"]
[Site "Wiesbaden-Biebrich"]
[Date "2014.08.29"]
[Round "3.48"]
[White "Hafensteiner, Tim"]
[Black "Hupprich, Thorsten"]
[Result "0-1"]
[WhiteElo "1768"]
[BlackElo "2000"]
[PlyCount "60"]
[EventDate "2014.??.??"]
[WhiteTeam "Biebertaler SF"]
[BlackTeam "SK Lauterecken 1963"]

1. e4 e5 2. Nf3 Nc6 3. d4 exd4 4. Nxd4 Nf6 5. Nxc6 bxc6 6. e5 Qe7 7. Qe2 Nd5 8.
c4 Nb6 9. Nd2 Qe6 10. b3 a5 11. a4 Bb4 12. Bb2 O-O 13. g3 Qg6 14. Qd3 d6 15.
Qxg6 hxg6 16. O-O-O Bg4 17. Re1 Rab8 18. Be2 Be6 19. Rd1 d5 20. cxd5 cxd5 21.
Nf3 c5 22. Bb5 d4 23. Kc2 Bd5 24. Be2 Be4+ 25. Rd3 Rfc8 26. Rhd1 c4 27. bxc4
Nxc4 28. Bxd4 Ne3+ 29. Kb3 Nxd1 30. Rxd1 Bc2+ 0-1

[Event "26.Schlosspark-Open"]
[Site "Wiesbaden-Biebrich"]
[Date "2014.08.29"]
[Round "3.49"]
[White "Seifert, Norbert"]
[Black "Schneider, Lutz"]
[Result "0-1"]
[WhiteElo "2000"]
[BlackElo "1748"]
[PlyCount "66"]
[EventDate "2014.??.??"]
[WhiteTeam "SF Neuberg"]
[BlackTeam "Vorw.Orient Mainz"]

1. d4 Nf6 2. Nf3 e6 3. e3 Be7 4. Bd3 d5 5. Nbd2 Nbd7 6. O-O c5 7. c3 Qc7 8. Re1
O-O 9. e4 dxe4 10. Nxe4 Rd8 11. Qc2 c4 12. Bf1 b6 13. Bg5 Bb7 14. Ned2 Bd5 15.
Ne5 b5 16. Ndf3 Qb7 17. Nxd7 Qxd7 18. Ne5 Qb7 19. Bh4 Rac8 20. f4 Nh5 21. Bxe7
Qxe7 22. f5 Qg5 23. fxe6 fxe6 24. a4 Rf8 25. axb5 Nf4 26. Re3 Nh5 27. Rae1 Rf4
28. Qd2 Rcf8 29. R3e2 Qf5 30. Qd1 Rf2 31. Nd7 Rf7 32. Re5 Rxg2+ 33. Kh1 Ng3+
0-1

[Event "26.Schlosspark-Open"]
[Site "Wiesbaden-Biebrich"]
[Date "2014.08.29"]
[Round "3.50"]
[White "Wachsmann, Dietmar"]
[Black "Costea, Valerius"]
[Result "0-1"]
[WhiteElo "1760"]
[BlackElo "1988"]
[PlyCount "80"]
[EventDate "2014.??.??"]
[WhiteTeam "SC Groß-Umstadt"]
[BlackTeam "SK Frankenthal"]

1. e4 c5 2. Nc3 Nc6 3. f4 a6 4. Nf3 d6 5. a4 e6 6. Bc4 Nge7 7. O-O g6 8. d3 Bg7
9. Qe1 Nd4 10. Nxd4 Bxd4+ 11. Be3 Nc6 12. Bxd4 Nxd4 13. Ne2 Nxe2+ 14. Qxe2 O-O
15. c3 Rb8 16. Qg4 b5 17. axb5 axb5 18. Bb3 b4 19. Bd1 bxc3 20. bxc3 Qf6 21.
Ra3 Bd7 22. Rf2 Rb1 23. h3 Rc1 24. Rc2 Rb1 25. Kh2 e5 26. f5 d5 27. Rca2 h5 28.
Qe2 dxe4 29. dxe4 Qg5 30. Bc2 Rc1 31. Ra1 h4 32. Rxc1 Qf4+ 33. g3 hxg3+ 34. Kg2
Qxc1 35. Ra7 Bb5 36. Bd3 Rd8 37. fxg6 Bxd3 38. gxf7+ Kf8 39. Qh5 Bf1+ 40. Kxg3
Qf4# 0-1

[Event "26.Schlosspark-Open"]
[Site "Wiesbaden-Biebrich"]
[Date "2014.08.29"]
[Round "3.51"]
[White "Scholl, Alois"]
[Black "Martin, Reiner"]
[Result "0-1"]
[WhiteElo "1733"]
[BlackElo "1981"]
[PlyCount "82"]
[EventDate "2014.??.??"]
[WhiteTeam "SV Schwalbach"]
[BlackTeam "SC Bad Soden"]

1. Nf3 c5 2. b3 Nc6 3. Bb2 d5 4. e3 Nf6 5. Bb5 Bd7 6. O-O e6 7. d3 Be7 8. Nbd2
O-O 9. Re1 b6 10. h3 a6 11. Bxc6 Bxc6 12. Ne5 Bb7 13. e4 dxe4 14. Nxe4 Nxe4 15.
dxe4 Qc7 16. Qg4 Bf6 17. f4 Rad8 18. Re2 Rd6 19. Rae1 Rfd8 20. f5 Rd1 21. Qf4
Qd6 22. g4 h6 23. fxe6 Qxe6 24. Rxd1 Rxd1+ 25. Kg2 Rb1 26. Bc3 b5 27. Qf5 b4
28. Nxf7 Qxf5 29. gxf5 Kxf7 30. Bxf6 Kxf6 31. Kf2 Rh1 32. Re3 Rh2+ 33. Kg3 Rxc2
34. Kf4 Rf2+ 35. Kg3 Rxa2 36. e5+ Kxf5 37. e6 Bc6 38. e7 Rg2+ 39. Kh4 Be8 40.
Rf3+ Ke4 41. Rf8 g5# 0-1

[Event "26.Schlosspark-Open"]
[Site "Wiesbaden-Biebrich"]
[Date "2014.08.29"]
[Round "3.52"]
[White "Zimmer, Gerald"]
[Black "Resa, Hans Farid"]
[Result "1/2-1/2"]
[WhiteElo "1975"]
[BlackElo "1747"]
[PlyCount "93"]
[EventDate "2014.??.??"]
[WhiteTeam "SC Bergen-Enkheim 1922"]
[BlackTeam "Sfr.Heimersheim"]

1. Nf3 Nf6 2. c4 g6 3. g3 Bg7 4. Bg2 O-O 5. Nc3 d5 6. cxd5 Nxd5 7. Qb3 Nxc3 8.
dxc3 c6 9. Bf4 Nd7 10. Rd1 Qb6 11. Qc2 e5 12. Be3 Qc7 13. Qb3 Nf6 14. O-O Be6
15. Qc2 Nd5 16. Bc5 Rfe8 17. e4 Nb6 18. Bd6 Qc8 19. Rfe1 f6 20. b3 Bf8 21. c4
Bxd6 22. Rxd6 Qc7 23. c5 Nd7 24. Red1 Nf8 25. Bf1 Rad8 26. Bc4 Rxd6 27. Rxd6
Kg7 28. Nd2 Bxc4 29. Qxc4 Rd8 30. Rd3 Qe7 31. b4 Ne6 32. Rxd8 Nxd8 33. Qd3 Nf7
34. Nc4 Qe6 35. f3 Qe7 36. a4 Qe6 37. Kg2 Qe7 38. h4 h5 39. Na5 Qc7 40. Nc4 Qe7
41. Nd2 Qe6 42. Nb3 Qe7 43. b5 Nd8 44. Kf2 Qc7 45. Ke2 Kf7 46. Qc4+ Ne6 47. b6
1/2-1/2

[Event "26.Schlosspark-Open"]
[Site "Wiesbaden-Biebrich"]
[Date "2014.08.29"]
[Round "3.53"]
[White "Pade, Joachim"]
[Black "Lenz, Jonas"]
[Result "0-1"]
[WhiteElo "1713"]
[BlackElo "1973"]
[PlyCount "66"]
[EventDate "2014.??.??"]
[WhiteTeam "SC Butzbach 2000"]
[BlackTeam "SK Bad Homburg 1927"]

1. e4 c5 2. Nf3 e6 3. d4 cxd4 4. Nxd4 a6 5. Nc3 Qc7 6. Be2 b5 7. a3 Bb7 8. O-O
Nf6 9. f3 Be7 10. Kh1 O-O 11. Be3 d6 12. Qd2 Nbd7 13. Rad1 Rfd8 14. Nb3 Rac8
15. Qe1 d5 16. exd5 Nxd5 17. Nxd5 Bxd5 18. Nd4 Bf6 19. c3 Nb6 20. Qf2 Na4 21.
Rd2 g6 22. Rb1 e5 23. Nc2 Bb3 24. Rxd8+ Rxd8 25. Nb4 Qb7 26. Nd3 Bc2 27. f4
Bxb1 28. fxe5 Bg7 29. Bf3 Rxd3 30. Bd4 Rxf3 31. gxf3 Qd5 32. Qe3 Nxb2 33. c4
Nxc4 0-1

[Event "26.Schlosspark-Open"]
[Site "Wiesbaden-Biebrich"]
[Date "2014.08.29"]
[Round "3.54"]
[White "Karthaus, Carsten"]
[Black "van Bömmel, Philipp"]
[Result "1-0"]
[WhiteElo "1970"]
[BlackElo "1722"]
[PlyCount "51"]
[EventDate "2014.??.??"]
[WhiteTeam "SC Murrhardt 1948 e.V."]
[BlackTeam "SC 1979 Hattersheim"]

1. e4 e6 2. d4 d5 3. exd5 exd5 4. Bd3 c5 5. dxc5 Bxc5 6. Nf3 Nf6 7. O-O O-O 8.
Nc3 h6 9. Bf4 Bd6 10. Qd2 Bxf4 11. Qxf4 Bd7 12. Rad1 Bc6 13. Nd4 Nbd7 14. Nf5
Re8 15. Qg3 g6 16. Nxh6+ Kg7 17. Nf5+ Kf8 18. Nd4 Nc5 19. b4 Nce4 20. Bxe4 Nxe4
21. Nxe4 Rxe4 22. b5 Be8 23. Qd3 Qb6 24. Rfe1 Rxe1+ 25. Rxe1 Rc8 26. Qh3 1-0

[Event "26.Schlosspark-Open"]
[Site "Wiesbaden-Biebrich"]
[Date "2014.08.29"]
[Round "3.55"]
[White "Mütsch, Annmarie"]
[Black "Roggensack, Hans Peter"]
[Result "0-1"]
[WhiteElo "1701"]
[BlackElo "1970"]
[PlyCount "96"]
[EventDate "2014.??.??"]
[WhiteTeam "SC Eppingen"]
[BlackTeam "SF Frankfurt 1921"]

1. e4 e5 2. Nf3 Nf6 3. Nc3 Nc6 4. Bc4 Nxe4 5. Bxf7+ Kxf7 6. Nxe4 d5 7. Ng3 Be7
8. d3 Rf8 9. Ng5+ Kg8 10. Qh5 h6 11. Nf3 Qe8 12. Qxe8 Rxe8 13. O-O Bg4 14. c3
Bxf3 15. gxf3 Rf8 16. Kg2 Rf7 17. Ne2 Raf8 18. Ng1 Rf6 19. Re1 Bd6 20. Bd2 Ne7
21. Be3 Nf5 22. Kf1 Nh4 23. d4 Nxf3 24. Nxf3 Rxf3 25. dxe5 Bxe5 26. Bc5 Bd6 27.
Bxd6 Rxf2+ 28. Kg1 cxd6 29. Rab1 Rd2 30. Re7 Rf7 31. Re8+ Kh7 32. Rd8 Rff2 33.
Rxd6 Rg2+ 34. Kh1 Rxh2+ 35. Kg1 h5 36. Rxd5 Rxd5 37. Kxh2 Rd2+ 38. Kg3 Kh6 39.
a3 Kg5 40. Kf3 Kf5 41. Ke3 Rg2 42. b4 h4 43. Rf1+ Kg4 44. Rf7 g5 45. Rxb7 h3
46. Rh7 h2 47. c4 Rg3+ 48. Kf2 Rh3 0-1